<?xml version="1.0" encoding="UTF-8"?>
<record
    xmlns:xsi="http://www.w3.org/2001/XMLSchema-instance"
    xsi:schemaLocation="http://www.loc.gov/MARC21/slim http://www.loc.gov/standards/marcxml/schema/MARC21slim.xsd"
    xmlns="http://www.loc.gov/MARC21/slim">

  <leader>00565nam a22001577a 4500</leader>
  <controlfield tag="003">OSt</controlfield>
  <controlfield tag="005">20151230091906.0</controlfield>
  <controlfield tag="008">151230b        xxu||||| |||| 00| 0 eng d</controlfield>
  <datafield tag="040" ind1=" " ind2=" ">
    <subfield code="c">RUA</subfield>
  </datafield>
  <datafield tag="082" ind1=" " ind2=" ">
    <subfield code="a">AGI SAO 2008 B280 Or.1</subfield>
  </datafield>
  <datafield tag="100" ind1=" " ind2=" ">
    <subfield code="9">5767</subfield>
    <subfield code="a">SAO, SINOUN.</subfield>
  </datafield>
  <datafield tag="245" ind1=" " ind2=" ">
    <subfield code="a">Effects of sugar and agar on quality of star gooseberry jam (&#x17A5;&#x1791;&#x17D2;&#x1792;&#x17B7;&#x1796;&#x179B;&#x1793;&#x17C3;&#x179F;&#x17D2;&#x1780;&#x179A;&#x1793;&#x17B7;&#x1784;&#x1798;&#x17D2;&#x179F;&#x17C5;&#x1785;&#x17B6;&#x17A0;&#x17BD;&#x1799;&#x1791;&#x17C5;&#x179B;&#x17BE;&#x1782;&#x17BB;&#x178E;&#x1797;&#x17B6;&#x1796;&#x178A;&#x17C6;&#x178E;&#x17B6;&#x1794;&#x17CB;&#x1780;&#x1793;&#x17D2;&#x1791;&#x17BD;&#x178F;)</subfield>
  </datafield>
  <datafield tag="260" ind1=" " ind2=" ">
    <subfield code="a">Phnom Penh</subfield>
    <subfield code="b">RUA</subfield>
    <subfield code="c">2008</subfield>
  </datafield>
  <datafield tag="300" ind1=" " ind2=" ">
    <subfield code="a">x, 41p.</subfield>
    <subfield code="b">ill.</subfield>
    <subfield code="c">29cm.</subfield>
  </datafield>
  <datafield tag="942" ind1=" " ind2=" ">
    <subfield code="2">ddc</subfield>
    <subfield code="c">AGI</subfield>
  </datafield>
  <datafield tag="999" ind1=" " ind2=" ">
    <subfield code="c">5370</subfield>
    <subfield code="d">5370</subfield>
  </datafield>
  <datafield tag="952" ind1=" " ind2=" ">
    <subfield code="0">0</subfield>
    <subfield code="1">0</subfield>
    <subfield code="2">ddc</subfield>
    <subfield code="4">0</subfield>
    <subfield code="6">AGI_SAO_2008_000000000000000_B280_OR_1</subfield>
    <subfield code="7">0</subfield>
    <subfield code="9">28819</subfield>
    <subfield code="a">LBB</subfield>
    <subfield code="b">LBB</subfield>
    <subfield code="c">B280</subfield>
    <subfield code="d">2015-12-30</subfield>
    <subfield code="o">AGI SAO 2008 B280 Or.1</subfield>
    <subfield code="p">RUA038714</subfield>
    <subfield code="r">2015-12-30</subfield>
    <subfield code="w">2015-12-30</subfield>
    <subfield code="y">AGI</subfield>
  </datafield>
  <datafield tag="952" ind1=" " ind2=" ">
    <subfield code="0">0</subfield>
    <subfield code="1">0</subfield>
    <subfield code="2">ddc</subfield>
    <subfield code="4">0</subfield>
    <subfield code="6">AGI_SAO_2008_000000000000000_B280_OR_2</subfield>
    <subfield code="7">0</subfield>
    <subfield code="9">28820</subfield>
    <subfield code="a">LBB</subfield>
    <subfield code="b">LBB</subfield>
    <subfield code="c">B280</subfield>
    <subfield code="d">2015-12-30</subfield>
    <subfield code="o">AGI SAO 2008 B280 Or.2</subfield>
    <subfield code="p">RUA047816</subfield>
    <subfield code="r">2017-08-11</subfield>
    <subfield code="w">2015-12-30</subfield>
    <subfield code="y">AGI</subfield>
  </datafield>
  <datafield tag="952" ind1=" " ind2=" ">
    <subfield code="0">0</subfield>
    <subfield code="1">0</subfield>
    <subfield code="2">ddc</subfield>
    <subfield code="4">0</subfield>
    <subfield code="6">AGI_SAO_2008_000000000000000_B280_OR_3</subfield>
    <subfield code="7">0</subfield>
    <subfield code="9">28821</subfield>
    <subfield code="a">LBB</subfield>
    <subfield code="b">LBB</subfield>
    <subfield code="c">B280</subfield>
    <subfield code="d">2015-12-30</subfield>
    <subfield code="l">2</subfield>
    <subfield code="o">AGI SAO 2008 B280 Or.3</subfield>
    <subfield code="p">RUA048823</subfield>
    <subfield code="r">2018-12-01</subfield>
    <subfield code="s">2018-11-17</subfield>
    <subfield code="w">2015-12-30</subfield>
    <subfield code="y">AGI</subfield>
  </datafield>
  <datafield tag="952" ind1=" " ind2=" ">
    <subfield code="0">0</subfield>
    <subfield code="1">0</subfield>
    <subfield code="2">ddc</subfield>
    <subfield code="4">0</subfield>
    <subfield code="6">AGI_SAO_2008_000000000000000_B280_OR_4</subfield>
    <subfield code="7">0</subfield>
    <subfield code="9">28822</subfield>
    <subfield code="a">LBB</subfield>
    <subfield code="b">LBB</subfield>
    <subfield code="c">B280</subfield>
    <subfield code="d">2015-12-30</subfield>
    <subfield code="l">1</subfield>
    <subfield code="o">AGI SAO 2008 B280 Or.4</subfield>
    <subfield code="p">RUA048835</subfield>
    <subfield code="r">2017-08-08</subfield>
    <subfield code="s">2017-08-03</subfield>
    <subfield code="w">2015-12-30</subfield>
    <subfield code="y">AGI</subfield>
  </datafield>
  <datafield tag="952" ind1=" " ind2=" ">
    <subfield code="0">0</subfield>
    <subfield code="1">0</subfield>
    <subfield code="2">ddc</subfield>
    <subfield code="4">0</subfield>
    <subfield code="6">AGI_SAO_2008_000000000000000_B280_OR_5</subfield>
    <subfield code="7">0</subfield>
    <subfield code="9">28823</subfield>
    <subfield code="a">LBB</subfield>
    <subfield code="b">LBB</subfield>
    <subfield code="c">B280</subfield>
    <subfield code="d">2015-12-30</subfield>
    <subfield code="o">AGI SAO 2008 B280 Or.5</subfield>
    <subfield code="p">RUA049139</subfield>
    <subfield code="r">2015-12-30</subfield>
    <subfield code="w">2015-12-30</subfield>
    <subfield code="y">AGI</subfield>
  </datafield>
  <datafield tag="952" ind1=" " ind2=" ">
    <subfield code="0">0</subfield>
    <subfield code="1">0</subfield>
    <subfield code="2">ddc</subfield>
    <subfield code="4">0</subfield>
    <subfield code="6">AGI_SAO_2008_000000000000000_B280_OR_6</subfield>
    <subfield code="7">0</subfield>
    <subfield code="9">28824</subfield>
    <subfield code="a">LBB</subfield>
    <subfield code="b">LBB</subfield>
    <subfield code="c">B280</subfield>
    <subfield code="d">2015-12-30</subfield>
    <subfield code="o">AGI SAO 2008 B280 Or.6</subfield>
    <subfield code="p">RUA048774</subfield>
    <subfield code="r">2015-12-30</subfield>
    <subfield code="w">2015-12-30</subfield>
    <subfield code="y">AGI</subfield>
  </datafield>
  <datafield tag="952" ind1=" " ind2=" ">
    <subfield code="0">0</subfield>
    <subfield code="1">0</subfield>
    <subfield code="2">ddc</subfield>
    <subfield code="4">0</subfield>
    <subfield code="6">AGI_SAO_2008_000000000000000_B280_OR_7</subfield>
    <subfield code="7">0</subfield>
    <subfield code="9">28825</subfield>
    <subfield code="a">LBB</subfield>
    <subfield code="b">LBB</subfield>
    <subfield code="c">B280</subfield>
    <subfield code="d">2015-12-30</subfield>
    <subfield code="l">4</subfield>
    <subfield code="o">AGI SAO 2008 B280 Or.7</subfield>
    <subfield code="p">RUA049035</subfield>
    <subfield code="r">2022-10-18</subfield>
    <subfield code="s">2022-10-14</subfield>
    <subfield code="w">2015-12-30</subfield>
    <subfield code="y">AGI</subfield>
  </datafield>
  <datafield tag="952" ind1=" " ind2=" ">
    <subfield code="0">0</subfield>
    <subfield code="1">0</subfield>
    <subfield code="2">ddc</subfield>
    <subfield code="4">0</subfield>
    <subfield code="6">AGI_SAO_2008_000000000000000_B280_OR_8</subfield>
    <subfield code="7">0</subfield>
    <subfield code="9">65318</subfield>
    <subfield code="a">LBA</subfield>
    <subfield code="b">LBA</subfield>
    <subfield code="d">2017-08-31</subfield>
    <subfield code="l">4</subfield>
    <subfield code="m">2</subfield>
    <subfield code="o">AGI SAO 2008 B280 Or.8</subfield>
    <subfield code="p">A25908</subfield>
    <subfield code="r">2018-08-01</subfield>
    <subfield code="s">2018-07-11</subfield>
    <subfield code="w">2017-08-31</subfield>
    <subfield code="y">AGI</subfield>
  </datafield>
  <datafield tag="952" ind1=" " ind2=" ">
    <subfield code="0">0</subfield>
    <subfield code="1">0</subfield>
    <subfield code="2">ddc</subfield>
    <subfield code="4">0</subfield>
    <subfield code="6">AGI_SAO_2008_000000000000000_B280_OR_9</subfield>
    <subfield code="7">0</subfield>
    <subfield code="9">65324</subfield>
    <subfield code="a">LBA</subfield>
    <subfield code="b">LBA</subfield>
    <subfield code="d">2017-08-31</subfield>
    <subfield code="o">AGI SAO 2008 B280 Or.9</subfield>
    <subfield code="p">A25739</subfield>
    <subfield code="r">2017-08-31</subfield>
    <subfield code="w">2017-08-31</subfield>
    <subfield code="y">AGI</subfield>
  </datafield>
  <datafield tag="952" ind1=" " ind2=" ">
    <subfield code="0">0</subfield>
    <subfield code="1">0</subfield>
    <subfield code="2">ddc</subfield>
    <subfield code="4">0</subfield>
    <subfield code="6">AGI_SAO_2008_000000000000000_B280_OR_10</subfield>
    <subfield code="7">0</subfield>
    <subfield code="9">65328</subfield>
    <subfield code="a">LBA</subfield>
    <subfield code="b">LBA</subfield>
    <subfield code="d">2017-08-31</subfield>
    <subfield code="l">1</subfield>
    <subfield code="m">1</subfield>
    <subfield code="o">AGI SAO 2008 B280 Or.10</subfield>
    <subfield code="p">A26817</subfield>
    <subfield code="r">2020-08-27</subfield>
    <subfield code="s">2020-07-29</subfield>
    <subfield code="w">2017-08-31</subfield>
    <subfield code="y">AGI</subfield>
  </datafield>
</record>
